000 00335nam a2200121 a 4500
008 101208s1976|||| d
100 1 _aJarušek, F.
245 1 0 _aZáklady reprodukčnej fotografie
260 _bVydavateľstvo technickej a ekonomickej literatúry
_aBratislava
_c1976
020 _c17
041 _aslo
044 _axo
_cSK
999 _c14916
_d14916